[Event "Saint Louis Blitz 2025"]
[Site "Saint Louis USA"]
[Date "2025.08.15"]
[Round "12.4"]
[White "Dominguez Perez, Leinier"]
[Black "Oparin, Grigoriy"]
[Result "1-0"]
[WhiteTitle "GM"]
[BlackTitle "GM"]
[WhiteElo "2738"]
[BlackElo "2660"]
[WhiteFideId "3503240"]
[BlackFideId "24125890"]
[EventDate "2025.08.14"]

1. e4 c5 2. Nf3 d6 3. d4 cxd4 4. Nxd4 Nf6 5. Nc3 Nc6 6. Bg5 e6 7. Qd2 a6 8.
O-O-O Be7 9. Kb1 Nxd4 10. Qxd4 h6 11. Be3 Qc7 12. f3 b5 13. Qd2 Bb7 14. h4 Rc8
15. a3 Nd7 16. g4 Ne5 17. Be2 Nc4 18. Bxc4 Qxc4 19. Bd4 O-O 20. g5 h5 21. Bf6
Bd8 22. Bxd8 Rfxd8 23. Qe3 a5 24. Qb6 Bc6 25. Qxa5 d5 26. Qb4 d4 27. Na2 e5 28.
Qxc4 bxc4 29. Nb4 Bb7 30. Rd2 f5 31. gxf6 Rf8 32. c3 dxc3 33. Rd7 Rf7 34. Rxf7
Kxf7 35. fxg7 cxb2 36. Rg1 Kg8 37. Kxb2 c3+ 38. Kc2 Rc7 39. Nd5 Rf7 40. Rg3 Bxd5
41. exd5 Rf4 42. Kxc3 Rxh4 43. Rg5 Rf4 44. Rxh5 Rxf3+ 45. Kb4 e4 46. Re5 Rd3 47.
a4 Rd4+ 48. Kb5 Kxg7 49. a5 Kf6 50. Re6+ Kf5 51. Kc5 Ra4 52. a6 Ra3 53. Kb6 Rb3+
54. Kc7 Ra3 55. Kb7 Rb3+ 56. Rb6 Rxb6+ 57. Kxb6 e3 58. a7 e2 59. a8=Q e1=Q 60.
Qf8+ Kg6 61. Kc6 Qa5 62. Qd6+ Kf5 63. Qc5 Qa8+ 64. Kc7 Kf6 65. Qc6+ 1-0

[Event "Saint Louis Blitz 2025"]
[Site "Saint Louis USA"]
[Date "2025.08.15"]
[Round "12.5"]
[White "Caruana, Fabiano"]
[Black "Vachier-Lagrave, Maxime"]
[Result "0-1"]
[WhiteTitle "GM"]
[BlackTitle "GM"]
[WhiteElo "2784"]
[BlackElo "2736"]
[WhiteFideId "2020009"]
[BlackFideId "623539"]
[EventDate "2025.08.14"]

1. c4 e5 2. g3 d5 3. cxd5 Qxd5 4. Nf3 Nc6 5. Bg2 Nf6 6. d3 Be7 7. O-O O-O 8. a3
Bg4 9. b4 Rad8 10. Nc3 Qe6 11. Be3 Nd4 12. Ng5 Qc8 13. f3 Bf5 14. Nge4 Nxe4 15.
fxe4 Bg4 16. Rf2 c6 17. Rb1 h5 18. Qd2 Qe6 19. Bg5 f6 20. Be3 Rd7 21. Bf1 Rfd8
22. Qa2 Qxa2 23. Nxa2 a5 24. bxa5 Ra8 25. Bd2 Bxa3 26. Nc1 Bc5 27. Kh1 Nc2 28.
Rg2 Bh3 29. Rg1 Be6 30. Rg2 Ne3 31. Rf2 Nc4 0-1

[Event "Saint Louis Blitz 2025"]
[Site "Saint Louis USA"]
[Date "2025.08.15"]
[Round "13.1"]
[White "Vachier-Lagrave, Maxime"]
[Black "Le, Quang Liem"]
[Result "0-1"]
[WhiteTitle "GM"]
[BlackTitle "GM"]
[WhiteElo "2736"]
[BlackElo "2729"]
[WhiteFideId "623539"]
[BlackFideId "12401137"]
[EventDate "2025.08.14"]

1. e4 e5 2. Nf3 Nc6 3. Bb5 Bc5 4. c3 Nf6 5. O-O O-O 6. d4 Bb6 7. a4 a6 8. Bxc6
dxc6 9. a5 Ba7 10. Nxe5 Nxe4 11. Re1 Nd6 12. Be3 Be6 13. Nd2 f6 14. Nd3 Qd7 15.
Nb3 Bf7 16. Nbc5 Qf5 17. g4 Qc8 18. Bf4 Re8 19. Qf3 Bd5 20. Qg3 Ne4 21. Nxe4
Rxe4 22. f3 Rxe1+ 23. Rxe1 Bc4 24. Nf2 c5 25. g5 Qf5 26. gxf6 Qxf6 27. Ng4 Qg6
28. Ne3 Re8 29. Qxg6 hxg6 30. Kf2 Bf7 31. dxc5 Bxc5 32. b4 Be7 33. Bxc7 Rc8 34.
Nf5 Rxc7 35. Rxe7 Rxc3 36. Ne3 Rb3 37. Rxb7 Be8 38. Rb8 Kf7 39. Nc4 Ke7 40. Rb7+
Kf8 41. Ne5 g5 42. Kg3 Bb5 43. Kg4 Rxb4+ 44. Kxg5 Rb2 45. h4 Ra2 46. Ng6+ Kg8
47. Ne7+ Kf8 48. Ng6+ Kg8 49. f4 Rg2+ 50. Kf5 Bd3+ 51. Ke5 Rxg6 52. Rb6 Rg4 53.
f5 Re4+ 54. Kd5 Rxh4 55. f6 g6 56. Kc5 Kf7 0-1

[Event "Saint Louis Blitz 2025"]
[Site "Saint Louis USA"]
[Date "2025.08.15"]
[Round "13.2"]
[White "Oparin, Grigoriy"]
[Black "Caruana, Fabiano"]
[Result "0-1"]
[WhiteTitle "GM"]
[BlackTitle "GM"]
[WhiteElo "2660"]
[BlackElo "2784"]
[WhiteFideId "24125890"]
[BlackFideId "2020009"]
[EventDate "2025.08.14"]

1. d4 Nf6 2. Nf3 e6 3. Bf4 b6 4. e3 Bb7 5. h3 d5 6. c4 Bd6 7. Bxd6 cxd6 8. Nc3
dxc4 9. Bxc4 O-O 10. O-O Nbd7 11. Qe2 a6 12. a4 d5 13. Bd3 Qe7 14. Rfc1 g6 15.
Na2 Qd6 16. Rc2 e5 17. dxe5 Nxe5 18. Nd4 Nfd7 19. Rcc1 Nc5 20. Bc2 a5 21. Nb5
Qe7 22. Nac3 Rad8 23. Rd1 Rd7 24. b3 Rfd8 25. Rd2 Nc6 26. Rad1 Nb4 27. Nd4 Ba6
28. Qf3 Kg7 29. Bb1 Qf6 30. Qg3 Kh8 31. Ncb5 Bxb5 32. axb5 Re8 33. h4 Rd6 34.
Qh3 h5 35. Qg3 Qe5 36. Qh3 Rf6 37. Bc2 Kg7 38. Bb1 Re7 39. Bc2 Rc7 40. Bb1 Ne4
41. Bxe4 dxe4 42. Nc6 Nxc6 43. bxc6 Rfxc6 44. Rd5 Qf6 45. Qg3 Rc1 46. Rxc1 Rxc1+
47. Kh2 Rc2 48. Kg1 Rc6 49. Kh2 Qe6 50. Rb5 Rc5 51. Rxc5 bxc5 52. Qc7 Qxb3 53.
Qe5+ Kh7 54. g4 Qe6 55. Qxc5 Qxg4 56. Qxa5 Qxh4+ 57. Kg2 Qg4+ 58. Kh2 Qf5 59.
Qa2 h4 60. Qe2 Kh6 61. Qb2 Kh7 62. Qe2 Qf3 63. Qf1 Kh6 64. Qg1 h3 65. Qg3 Qxg3+
66. Kxg3 Kg5 67. Kxh3 Kf5 68. Kh4 f6 69. Kg3 g5 70. Kh3 Kg6 71. Kg4 f5+ 72. Kg3
Kf6 73. Kg2 Ke5 74. Kf1 Kd5 75. Ke1 Kc4 76. Kd2 Kb3 0-1

[Event "Saint Louis Blitz 2025"]
[Site "Saint Louis USA"]
[Date "2025.08.15"]
[Round "13.3"]
[White "Aronian, Levon"]
[Black "Dominguez Perez, Leinier"]
[Result "1-0"]
[WhiteTitle "GM"]
[BlackTitle "GM"]
[WhiteElo "2737"]
[BlackElo "2738"]
[WhiteFideId "13300474"]
[BlackFideId "3503240"]
[EventDate "2025.08.14"]

1. e4 e5 2. Nf3 Nc6 3. d4 exd4 4. Nxd4 Nf6 5. Nxc6 bxc6 6. Nd2 Bc5 7. Nb3 Nxe4
8. Nxc5 Nxc5 9. Be3 Qe7 10. Qd4 Ne6 11. Qc3 O-O 12. O-O-O c5 13. Bc4 d6 14. h4
Bb7 15. Rh3 Rad8 16. Rg3 d5 17. Bh6 g6 18. Bxf8 Qxf8 19. Be2 Qh6+ 20. Kb1 Qxh4
21. Bg4 d4 22. Qa5 Bd5 23. Bxe6 Bxe6 24. Qxc5 Rd7 25. Re1 Qd8 26. Qg5 Qf8 27.
Qf6 Qd6 1-0

[Event "Saint Louis Blitz 2025"]
[Site "Saint Louis USA"]
[Date "2025.08.15"]
[Round "13.4"]
[White "Gukesh, D"]
[Black "Abdusattorov, Nodirbek"]
[Result "1-0"]
[WhiteTitle "GM"]
[BlackTitle "GM"]
[WhiteElo "2776"]
[BlackElo "2771"]
[WhiteFideId "46616543"]
[BlackFideId "14204118"]
[EventDate "2025.08.14"]

1. c4 e5 2. Nc3 Nc6 3. g3 g6 4. Bg2 Bg7 5. e3 d6 6. Nge2 h5 7. h3 h4 8. g4 f5 9.
gxf5 Bxf5 10. d3 Nf6 11. Nd5 Be6 12. Nec3 Qd7 13. b4 O-O 14. Bb2 Ne7 15. Nxf6+
Rxf6 16. Ne4 Rf5 17. Bf3 a5 18. b5 Bh6 19. Bg4 Rf7 20. Rg1 Kh7 21. Qe2 Nf5 22.
a4 Raf8 23. O-O-O Nd4 24. Bxd4 exd4 25. Kb2 d5 26. cxd5 Qxd5 27. Bxe6 Qxe6 28.
Rg4 Qe7 29. Ka2 dxe3 30. fxe3 Rf3 31. Qc2 Bxe3 32. Re1 Qf7+ 33. Ka3 Qe7+ 34. Ka2
R8f5 35. Qc4 Qf7 36. Rxh4+ Kg7 37. Qxf7+ Rxf7 38. Re2 Bf4 39. Nc5 Bd6 40. Nxb7
Bb4 41. Nd8 Rd7 42. Ne6+ Kf6 43. d4 Rd5 44. Nxc7 Rd7 45. Ne8+ Kf5 46. Re5# 1-0

[Event "Saint Louis Blitz 2025"]
[Site "Saint Louis USA"]
[Date "2025.08.15"]
[Round "13.5"]
[White "So, Wesley"]
[Black "Shankland, Sam"]
[Result "1/2-1/2"]
[WhiteTitle "GM"]
[BlackTitle "GM"]
[WhiteElo "2745"]
[BlackElo "2670"]
[WhiteFideId "5202213"]
[BlackFideId "2004887"]
[EventDate "2025.08.14"]

1. c4 g6 2. d4 Nf6 3. g3 Bg7 4. Bg2 O-O 5. Nc3 Nc6 6. e3 d6 7. Nge2 e5 8. d5 Ne7
9. O-O Nd7 10. e4 f5 11. f4 a5 12. Kh1 exf4 13. Bxf4 Ne5 14. b3 h6 15. Qd2 g5
16. Be3 fxe4 17. Nxe4 Nf5 18. Bg1 b6 19. Nd4 Nxd4 20. Bxd4 Bf5 21. Nc3 Qd7 22.
Nb5 Rf7 23. Bc3 Raf8 24. Nd4 Bg4 25. Rxf7 Rxf7 26. Ne6 Bh8 27. h3 Bxe6 28. dxe6
Qxe6 29. Re1 Qd7 30. Bxe5 Bxe5 31. Bd5 Qxh3+ 32. Qh2 Qxh2+ 33. Kxh2 c6 34. Bxf7+
Kxf7 35. Rf1+ Ke6 36. Kg2 d5 37. Rh1 Bg7 38. Kf3 dxc4 39. bxc4 Kd6 40. Ke4 Kc5
41. Kd3 a4 42. g4 b5 43. cxb5 cxb5 44. Rc1+ Kb4 45. Rb1+ Kc5 46. Rf1 Kb4 47. Rf7
Bb2 48. Kc2 Ka3 49. Kb1 b4 50. Rh7 Bc3 51. Rxh6 b3 52. axb3 Kxb3 53. Rb6+ Bb4
54. Rb7 a3 55. Ra7 Bc3 56. Ra6 Bb4 57. Ra8 Bc3 58. Ra7 Bb4 59. Rb7 Kc4 60. Ka2
Bc5 61. Rg7 Be3 62. Kxa3 Kd3 63. Kb3 Ke4 64. Kc2 Kf3 65. Kd3 Bf4 66. Rxg5 Bxg5
67. Kc3 Kxg4 1/2-1/2

[Event "Saint Louis Blitz 2025"]
[Site "Saint Louis USA"]
[Date "2025.08.15"]
[Round "14.1"]
[White "Caruana, Fabiano"]
[Black "Aronian, Levon"]
[Result "0-1"]
[WhiteTitle "GM"]
[BlackTitle "GM"]
[WhiteElo "2784"]
[BlackElo "2737"]
[WhiteFideId "2020009"]
[BlackFideId "13300474"]
[EventDate "2025.08.14"]

1. Nf3 Nf6 2. c4 b6 3. g3 c5 4. Bg2 Bb7 5. O-O g6 6. Nc3 Bg7 7. d4 cxd4 8. Qxd4
d6 9. Rd1 Nbd7 10. Be3 a6 11. Rac1 Rc8 12. b3 O-O 13. Qh4 Re8 14. h3 Qc7 15. Nd5
Qb8 16. Bh6 b5 17. Ng5 bxc4 18. bxc4 Bxd5 19. Bxd5 Nxd5 20. Bxg7 N5f6 21. Bh6
Qb2 22. Ne4 Qxe2 23. Re1 Qh5 24. Qxh5 Nxh5 25. Kg2 Ng7 26. Rc3 Ne6 27. Rec1 Rc6
28. h4 Rec8 29. Nd2 Ne5 30. Kh3 d5 31. Re1 Nxc4 32. Nxc4 dxc4 33. a4 f6 34. Bd2
Rd8 35. Be3 Kf7 36. Rec1 Rdc8 37. a5 Nf8 38. Rb1 Nd7 39. Kg2 h5 40. Rb4 Ne5 41.
Rb7 R8c7 42. Rb6 Nd7 43. Rb4 e5 44. Kf3 Ke6 45. Rb1 f5 46. Ke2 Nf6 47. Rc2 Nd5
48. Bg5 Rc5 49. Rb8 c3 50. Re8+ Kf7 51. Rxe5 Rxa5 52. Rc1 c2 53. Kd2 Rac5 54.
Ree1 a5 55. Ra1 Nb4 56. Ra3 c1=Q+ 0-1

[Event "Saint Louis Blitz 2025"]
[Site "Saint Louis USA"]
[Date "2025.08.15"]
[Round "14.2"]
[White "Shankland, Sam"]
[Black "Vachier-Lagrave, Maxime"]
[Result "0-1"]
[WhiteTitle "GM"]
[BlackTitle "GM"]
[WhiteElo "2670"]
[BlackElo "2736"]
[WhiteFideId "2004887"]
[BlackFideId "623539"]
[EventDate "2025.08.14"]

1. c4 e5 2. g3 d5 3. cxd5 Qxd5 4. Nf3 Nc6 5. Bg2 Nf6 6. d3 Be7 7. O-O O-O 8.
Nbd2 Bg4 9. h3 Bh5 10. b3 e4 11. dxe4 Nxe4 12. Qc2 Bg6 13. Nh4 Bxh4 14. Nxe4
Rfe8 15. Qc5 Qxc5 16. Nxc5 Bf6 17. Be3 Bxa1 18. Rxa1 Nb4 19. Bxb7 Rad8 20. Rc1
Nc2 21. Bc6 Re5 22. Nb7 Rf8 23. Bc5 Rb8 24. e4 Rxb7 25. Rxc2 Bxe4 26. f4 Re6 27.
Bxb7 Bxc2 28. Bxa7 Re1+ 29. Kf2 Ra1 30. Bd5 Rxa2 0-1

[Event "Saint Louis Blitz 2025"]
[Site "Saint Louis USA"]
[Date "2025.08.15"]
[Round "14.3"]
[White "Abdusattorov, Nodirbek"]
[Black "So, Wesley"]
[Result "1/2-1/2"]
[WhiteTitle "GM"]
[BlackTitle "GM"]
[WhiteElo "2771"]
[BlackElo "2745"]
[WhiteFideId "14204118"]
[BlackFideId "5202213"]
[EventDate "2025.08.14"]

1. e4 e5 2. Nf3 Nc6 3. Bb5 Nf6 4. d3 d6 5. c3 a6 6. Ba4 g6 7. O-O Bg7 8. Nbd2
O-O 9. Re1 b5 10. Bb3 Na5 11. Bc2 c5 12. Nf1 h6 13. d4 cxd4 14. cxd4 exd4 15.
Nxd4 Re8 16. Ng3 Bb7 17. b3 d5 18. e5 Ne4 19. f4 f6 20. f5 fxe5 21. Ne6 Rxe6 22.
fxe6 Nxg3 23. hxg3 Qb6+ 24. Be3 d4 25. Bf2 Qxe6 26. Qxd4 exd4 27. Rxe6 d3 28.
Rxg6 Be4 29. Rxg7+ Kxg7 30. Bd1 Rc8 31. Be3 Kg6 32. Rc1 Rxc1 33. Bxc1 Nc6 34.
Kf2 Nb4 35. Ke3 Bxg2 36. a3 Nc6 37. Kxd3 h5 38. Ke3 Bd5 39. Bb2 Na5 40. Bc2+ Kg5
41. Bc3 Bxb3 42. Bxa5 Bxc2 43. Kd2 Bb3 44. Kc3 Bc4 45. Kb4 Kg4 46. Bc7 Be2 47.
Kc3 Bc4 48. Kb4 Be2 49. Ka5 Bf1 50. Kb4 Be2 51. Ka5 Bf1 52. Kb4 Be2 53. Ka5 1/2-1/2

[Event "Saint Louis Blitz 2025"]
[Site "Saint Louis USA"]
[Date "2025.08.15"]
[Round "14.4"]
[White "Le, Quang Liem"]
[Black "Oparin, Grigoriy"]
[Result "1-0"]
[WhiteTitle "GM"]
[BlackTitle "GM"]
[WhiteElo "2729"]
[BlackElo "2660"]
[WhiteFideId "12401137"]
[BlackFideId "24125890"]
[EventDate "2025.08.14"]

1. d4 Nf6 2. c4 e6 3. Nf3 b6 4. a3 Bb7 5. Nc3 Ne4 6. Nxe4 Bxe4 7. Bf4 d6 8. e3
Nd7 9. Bd3 Bxd3 10. Qxd3 Be7 11. Rd1 a5 12. e4 a4 13. O-O O-O 14. Rfe1 h6 15. h3
Re8 16. e5 Qc8 17. Nh2 Nf8 18. Ng4 Ng6 19. Qf3 dxe5 20. dxe5 Nxf4 21. Qxf4 Rd8
22. Kh2 Rxd1 23. Rxd1 Qe8 24. Rd3 Bg5 25. Qe4 Rd8 26. Rg3 Kh8 27. Rf3 Kg8 28. h4
Be7 29. Qf4 h5 30. Nf6+ Bxf6 31. exf6 e5 32. Qg5 g6 33. Re3 e4 34. f3 Rd4 35. c5
Qe6 36. cxb6 cxb6 37. Qf4 Kh7 38. Rxe4 Rxe4 39. fxe4 Qc4 40. Qe3 b5 41. Kg3 Qc7+
42. e5 Qc4 43. Qf4 Qe2 44. Kh2 Qe1 45. Qg3 Qe2 46. Qf4 Qe1 47. Kh3 Qh1+ 48. Kg3
Qe1+ 49. Kf3 Qf1+ 50. Kg3 Qe1+ 51. Kh2 Qe2 52. Qd4 Qe1 53. Kh3 Qh1+ 54. Kg3 Qe1+
55. Kf3 Qf1+ 56. Qf2 Qd3+ 57. Qe3 Qf1+ 58. Kg3 Qf5 59. e6 Qxe6 60. Qxe6 fxe6 61.
Kf4 Kg8 62. Ke5 1-0

[Event "Saint Louis Blitz 2025"]
[Site "Saint Louis USA"]
[Date "2025.08.15"]
[Round "14.5"]
[White "Dominguez Perez, Leinier"]
[Black "Gukesh, D"]
[Result "1-0"]
[WhiteTitle "GM"]
[BlackTitle "GM"]
[WhiteElo "2738"]
[BlackElo "2776"]
[WhiteFideId "3503240"]
[BlackFideId "46616543"]
[EventDate "2025.08.14"]

1. e4 d6 2. d4 Nf6 3. Nc3 e5 4. Nf3 Nbd7 5. Bc4 Be7 6. O-O O-O 7. a4 c6 8. Re1
h6 9. h3 Re8 10. a5 Qc7 11. Ba2 Bf8 12. Be3 exd4 13. Bxd4 Ne5 14. Nh4 Be6 15.
Bxe6 Rxe6 16. f4 Ned7 17. Qf3 c5 18. Bxf6 Nxf6 19. Nf5 Qc6 20. a6 Rae8 21. axb7
Qxb7 22. b3 Nxe4 23. Rxe4 Rxe4 24. Nxe4 Qxe4 25. Qxe4 Rxe4 26. Rxa7 g6 27. Ng3
Rxf4 28. Ne2 Re4 29. Kf2 h5 30. Kf3 Re5 31. g4 h4 32. Rd7 Bh6 33. Nf4 Re1 34.
Nd5 Rg1 35. Nf6+ Kf8 36. Ne4 Rf1+ 37. Kg2 Rc1 38. c4 Rc2+ 39. Kf3 Rb2 40. g5
Rxb3+ 41. Kg4 Bg7 42. Nxd6 Rd3 43. Rxf7+ Kg8 44. Rd7 Bf8 45. Ne4 Rxd7 46. Nf6+
Kf7 47. Nxd7 Bd6 48. Kxh4 Ke6 49. Nb6 Kf5 50. Nd5 Ke4 51. Kg4 Kd4 52. Nb6 Bc7
53. Nd5 Bd8 54. Nf4 Kxc4 55. Nxg6 Kb3 56. Ne5 Bc7 57. Kf5 c4 58. Nxc4 1-0

[Event "Saint Louis Blitz 2025"]
[Site "Saint Louis USA"]
[Date "2025.08.15"]
[Round "15.1"]
[White "So, Wesley"]
[Black "Dominguez Perez, Leinier"]
[Result "1-0"]
[WhiteTitle "GM"]
[BlackTitle "GM"]
[WhiteElo "2745"]
[BlackElo "2738"]
[WhiteFideId "5202213"]
[BlackFideId "3503240"]
[EventDate "2025.08.14"]

1. e4 c5 2. Nf3 d6 3. d4 cxd4 4. Qxd4 Nf6 5. h3 Nc6 6. Qe3 g6 7. Nc3 Bg7 8. Bc4
O-O 9. O-O b6 10. Rd1 Bb7 11. e5 Ne8 12. e6 f5 13. Ng5 Na5 14. Bd5 Nf6 15. Bxb7
Nxb7 16. Qg3 Qc8 17. Qh4 h6 18. Nf7 h5 19. Ng5 Nc5 20. Re1 d5 21. Bf4 Qc6 22.
Rad1 Nce4 23. Be5 Nxg5 24. Qxg5 Kh7 25. Qf4 Rad8 26. f3 Bh6 27. Qb4 Qb7 28. Nb5
a5 29. Qa3 Rc8 30. Qd3 Bg7 31. a4 Rc5 32. c3 Ne8 33. Bg3 Nf6 34. Be5 Ne8 35. Bg3
Nf6 36. h4 Rc4 37. b3 Rc5 38. Be5 Ne8 39. Bxg7 Kxg7 40. c4 Nf6 41. Qd4 Qc6 42.
Na3 Rd8 43. Qf4 Re8 44. Qd4 Rd8 45. Qf4 Re8 46. Rd4 Rd8 47. Nb5 Re8 48. Na3 Rd8
49. Nb5 Re8 50. Kh2 Rf8 51. Re3 Re8 52. Re2 Rf8 53. Qe3 Rd8 54. Red2 Re8 55.
cxd5 Rxd5 56. Rxd5 Nxd5 57. Qe5+ Nf6 58. Rd7 Qc5 1-0

[Event "Saint Louis Blitz 2025"]
[Site "Saint Louis USA"]
[Date "2025.08.15"]
[Round "15.2"]
[White "Aronian, Levon"]
[Black "Le, Quang Liem"]
[Result "1/2-1/2"]
[WhiteTitle "GM"]
[BlackTitle "GM"]
[WhiteElo "2737"]
[BlackElo "2729"]
[WhiteFideId "13300474"]
[BlackFideId "12401137"]
[EventDate "2025.08.14"]

1. e4 e5 2. Nf3 Nc6 3. Bb5 Bc5 4. O-O Nd4 5. Nxd4 Bxd4 6. c3 Bb6 7. d4 c6 8. Be2
exd4 9. cxd4 d5 10. Nc3 dxe4 11. Nxe4 Ne7 12. Bg5 O-O 13. Bc4 h6 14. Bh4 Qd7 15.
Nc5 Bxc5 16. dxc5 Nf5 17. Bg3 Nxg3 18. fxg3 Qxd1 19. Raxd1 Be6 20. Bxe6 fxe6 21.
Rd7 Rxf1+ 22. Kxf1 Rf8+ 23. Ke2 Rf7 24. Rd8+ Rf8 25. Rd7 Rf7 26. Rd8+ Rf8 27.
Rd7 Rf7 1/2-1/2

[Event "Saint Louis Blitz 2025"]
[Site "Saint Louis USA"]
[Date "2025.08.15"]
[Round "15.3"]
[White "Gukesh, D"]
[Black "Caruana, Fabiano"]
[Result "0-1"]
[WhiteTitle "GM"]
[BlackTitle "GM"]
[WhiteElo "2776"]
[BlackElo "2784"]
[WhiteFideId "46616543"]
[BlackFideId "2020009"]
[EventDate "2025.08.14"]

1. c4 e6 2. Nc3 d5 3. d4 Nf6 4. cxd5 exd5 5. Bg5 Be7 6. e3 c6 7. Bd3 Nbd7 8.
Nge2 Nf8 9. Qc2 Ne6 10. Bh4 g6 11. O-O O-O 12. f3 b5 13. Rac1 a6 14. Kh1 Bb7 15.
Bf2 Rc8 16. Qd2 Re8 17. Ng3 Bf8 18. Bb1 c5 19. dxc5 Nxc5 20. Nce2 Bg7 21. Nd4
Nfd7 22. b3 Qe7 23. Nge2 Ne6 24. Nf4 Nxd4 25. exd4 Bh6 26. g3 Rxc1 27. Rxc1 Nf8
28. Re1 Ne6 29. Qd3 Qd7 30. Ng2 Bg7 31. Qd2 Qd6 32. h4 Rc8 33. h5 b4 34. h6 Bf6
35. f4 Qf8 36. Ne3 Bxd4 37. Ng4 Bc3 38. Qe2 Re8 39. Kg1 f5 40. Ne5 Qxh6 41. Qf3
Bxe1 42. Bxe1 a5 43. Bd3 Nc5 44. Bb5 Rc8 45. Qe3 d4 46. Bc4+ Kg7 47. Qxd4 Qh1+
48. Kf2 Qg2+ 49. Ke3 Qe4+ 50. Qxe4 Nxe4 51. g4 fxg4 52. Nxg4 Nd6 53. Bd3 Nf5+
54. Kd2 Rd8 55. Kc2 h5 56. Ne5 Nd4+ 57. Kd2 Nf3+ 58. Nxf3 Bxf3 59. Ke3 Bg4 60.
Bh4 Re8+ 61. Kd2 Bf5 62. Bc4 Re4 63. Bg5 h4 64. Bxh4 Rxf4 65. Bg3 Re4 66. Bc7 a4
67. Bd3 Re7 68. Bxf5 Rxc7 0-1

[Event "Saint Louis Blitz 2025"]
[Site "Saint Louis USA"]
[Date "2025.08.15"]
[Round "15.4"]
[White "Abdusattorov, Nodirbek"]
[Black "Shankland, Sam"]
[Result "1/2-1/2"]
[WhiteTitle "GM"]
[BlackTitle "GM"]
[WhiteElo "2771"]
[BlackElo "2670"]
[WhiteFideId "14204118"]
[BlackFideId "2004887"]
[EventDate "2025.08.14"]

1. d4 Nf6 2. Nf3 g6 3. Bf4 Bg7 4. c3 d6 5. Nbd2 O-O 6. e4 Nc6 7. Be2 Nd7 8. d5
Ncb8 9. O-O e5 10. dxe6 fxe6 11. Be3 Nc6 12. Nd4 Nf6 13. f4 Qe7 14. Nxc6 bxc6
15. Qc2 e5 16. fxe5 Qxe5 17. Rae1 Qe7 18. Bg5 Be6 19. Nf3 Qd7 20. e5 Ng4 21.
exd6 Qxd6 22. Bd3 Rae8 23. h3 Nf6 24. Nd4 Bd5 25. Bf4 Qd7 26. Rxe8 Rxe8 27. Qf2
c5 28. Nf3 Ne4 29. Bxe4 Bxe4 30. Qxc5 c6 31. Ne5 Qd5 32. Qxd5+ Bxd5 33. Nd3 Re2
34. Rf2 Rxf2 35. Kxf2 Bxa2 36. Nb4 Bd5 37. Bc7 Kf7 38. Nd3 Bf8 39. Be5 Bc4 40.
Nf4 Bc5+ 41. Bd4 Bd6 42. Ne2 a6 43. Ke3 Ke6 44. Nf4+ Bxf4+ 45. Kxf4 h5 46. b4
Bd3 47. g3 Bc4 48. Bb6 Bd3 49. Ke3 Bc4 50. Kd4 Bb5 51. Kc5 Kd7 52. h4 Bf1 53.
Kd4 Be2 54. Ke5 Bd3 55. Kf6 Kd6 56. c4 Bxc4 57. Kxg6 Be2 58. Kf5 Kd5 59. Bd8 c5
60. bxc5 Kxc5 61. Ke4 Kc4 62. Ke3 Bg4 63. Bc7 Kb4 64. Kd2 a5 65. Kc2 a4 66. Bd6+
Kc4 67. Kb2 Kd5 68. Bf4 Kc4 69. Ka3 Kb5 70. Be5 Bf5 71. Bf4 Bg4 72. Be5 Bf5 73.
Bf4 Bg4 1/2-1/2

[Event "Saint Louis Blitz 2025"]
[Site "Saint Louis USA"]
[Date "2025.08.15"]
[Round "15.5"]
[White "Oparin, Grigoriy"]
[Black "Vachier-Lagrave, Maxime"]
[Result "1/2-1/2"]
[WhiteTitle "GM"]
[BlackTitle "GM"]
[WhiteElo "2660"]
[BlackElo "2736"]
[WhiteFideId "24125890"]
[BlackFideId "623539"]
[EventDate "2025.08.14"]

1. Nf3 d5 2. c4 d4 3. b4 g5 4. Qa4+ c6 5. h3 h6 6. d3 Bg7 7. g4 e5 8. Nbd2 Ne7
9. Ne4 f5 10. gxf5 Bxf5 11. Ng3 Bg6 12. Nd2 Nd7 13. Nde4 O-O 14. Bg2 Nf6 15.
Nxf6+ Bxf6 16. b5 Qc7 17. bxc6 bxc6 18. Ba3 Rab8 19. Bxe7 Bxe7 20. O-O Be8 21.
Rab1 Bd7 22. c5 Be6 23. Bxc6 Bxc5 24. Bg2 Rb6 25. Rbc1 Qe7 26. Ne4 Bb4 27. Rc2
a5 28. a3 Bd7 29. Qb3+ Be6 30. Qa4 Bd7 31. Qb3+ Be6 32. Qa4 Bd7 1/2-1/2

[Event "Saint Louis Blitz 2025"]
[Site "Saint Louis USA"]
[Date "2025.08.15"]
[Round "16.1"]
[White "Shankland, Sam"]
[Black "Oparin, Grigoriy"]
[Result "0-1"]
[WhiteTitle "GM"]
[BlackTitle "GM"]
[WhiteElo "2670"]
[BlackElo "2660"]
[WhiteFideId "2004887"]
[BlackFideId "24125890"]
[EventDate "2025.08.14"]

1. d4 Nf6 2. c4 e6 3. Nc3 Bb4 4. f3 d5 5. a3 Bxc3+ 6. bxc3 c6 7. cxd5 cxd5 8.
Bg5 h6 9. Bh4 b6 10. e3 O-O 11. Bd3 Ba6 12. Ne2 Bxd3 13. Qxd3 Nc6 14. O-O e5 15.
e4 g5 16. Bg3 Re8 17. Rad1 exd4 18. Nxd4 Nxd4 19. cxd4 dxe4 20. fxe4 Nxe4 21.
Be5 Qd5 22. Rfe1 Nd6 23. Qh3 Re6 24. Rf1 Nc4 25. Bf6 Ne3 26. Rde1 Rxf6 27. Rxf6
Qxd4 28. Qf3 Nd5+ 29. Kh1 Qxf6 30. Qxd5 Rd8 31. Qe4 Qd4 32. Qf5 Qf4 33. Qb5 Rd2
34. Rf1 Rf2 35. Rg1 Kg7 36. a4 Qd4 37. a5 bxa5 38. Qxa5 Rd2 0-1

[Event "Saint Louis Blitz 2025"]
[Site "Saint Louis USA"]
[Date "2025.08.15"]
[Round "16.2"]
[White "Dominguez Perez, Leinier"]
[Black "Abdusattorov, Nodirbek"]
[Result "1/2-1/2"]
[WhiteTitle "GM"]
[BlackTitle "GM"]
[WhiteElo "2738"]
[BlackElo "2771"]
[WhiteFideId "3503240"]
[BlackFideId "14204118"]
[EventDate "2025.08.14"]

1. e4 e5 2. Nf3 Nc6 3. Bc4 Nf6 4. d3 Bc5 5. c3 a6 6. O-O d6 7. a4 Ba7 8. Re1 O-O
9. h3 Be6 10. Bxe6 fxe6 11. b4 Nh5 12. Be3 Qf6 13. Nbd2 Nf4 14. Bxf4 Qxf4 15. b5
Nb8 16. Qb3 Bxf2+ 17. Kxf2 Qxd2+ 18. Kg1 Qh6 19. Qc4 c5 20. Rf1 Nd7 21. a5 Rf7
22. Kh1 Nf8 23. Nh2 Re7 24. Ng4 Qg6 25. Rab1 h5 26. Nh2 Rf7 27. Rxf7 Qxf7 28.
Nf3 Qe7 29. bxa6 Rxa6 30. Rb5 Ng6 31. d4 exd4 32. cxd4 Nf4 33. dxc5 dxc5 34.
Rxc5 Rd6 35. Rc8+ Rd8 36. Rc7 Rd7 37. Rc8+ Kh7 38. e5 Ng6 39. Qe4 Rd5 40. Rb8
Qc7 41. Re8 Qc1+ 42. Kh2 Qf4+ 43. Qxf4 Nxf4 44. Ng5+ Kg6 45. Nxe6 Nxe6 46. Rxe6+
Kf7 47. Rb6 Rxa5 48. Rxb7+ Kg6 49. e6 Re5 50. e7 Kf6 51. Kg3 g5 52. h4 gxh4+ 53.
Kxh4 Kg6 54. g3 Re4+ 55. Kh3 Kf6 56. Ra7 Kg6 57. Kg2 Kf6 58. Kh3 Kg6 59. Rc7 Kf6
60. Ra7 Kg6 61. Kg2 Kf6 62. Kh3 Kg6 63. Rb7 Re2 64. Ra7 Re1 65. Ra6+ Kg5 66.
Ra5+ Kg6 67. Ra7 Kg5 68. Kg2 Kf6 69. Kf3 Rxe7 70. Rxe7 Kxe7 71. g4 hxg4+ 72.
Kxg4 1/2-1/2

[Event "Saint Louis Blitz 2025"]
[Site "Saint Louis USA"]
[Date "2025.08.15"]
[Round "16.3"]
[White "Vachier-Lagrave, Maxime"]
[Black "Aronian, Levon"]
[Result "1/2-1/2"]
[WhiteTitle "GM"]
[BlackTitle "GM"]
[WhiteElo "2736"]
[BlackElo "2737"]
[WhiteFideId "623539"]
[BlackFideId "13300474"]
[EventDate "2025.08.14"]

1. e4 e6 2. d4 d5 3. exd5 exd5 4. Nf3 Bd6 5. c4 c6 6. Nc3 Ne7 7. Bd3 dxc4 8.
Bxc4 O-O 9. O-O Na6 10. Re1 Nc7 11. Bg5 Be6 12. Bb3 Re8 13. Bc2 f6 14. Bh4 Ng6
15. Bg3 Bxg3 16. hxg3 Qd7 17. Ne4 b6 18. Bb3 Bxb3 19. Qxb3+ Nd5 20. Nc3 Nf8 21.
Rac1 Rxe1+ 22. Rxe1 Rd8 23. Qa4 Kf7 24. Nxd5 cxd5 25. Qc2 Rc8 26. Qd3 g6 27. Qd2
Re8 28. Rc1 Rc8 29. Re1 Re8 30. Rc1 Rc8 31. Re1 Re8 1/2-1/2